01075nam a2200289 u 450000500170000000800410001704000250005804100080008304400070009108200170009810000280011524501460014326000840028930000480037349000550042150000190047650400420049565000200053765000170055765000330057465000270060765000300063466200300066470000290069470000300072370000320075320191224041640.0140306t2001 cr d||||r|||| 00| 0 spa d aCO-BoIAVHcCO-BoIAVH0 aspa acr04a634.95bS11a1 aSabogal, Césareautor10aAplicación de un tratamiento silvicultural experimental en un bosque de La Lupe, río San Juan, Nicaragua / cCésar Sabogal [ y otros 3] aTurrialba (Costa Rica) : bCATIE. Unidad de Manejo de Bosques Naturales,c2001. axi, 37 páginas : btablas ; c24 x 16 cm.0 aSerie técnica. Informe técnico / CATIE ; v324 aIncluye anexo. aIncluye referencias bibliográficas.26aBosque tropical26aSilvicultura14aTratamientos silviculturales26aBosquexuso sostenible26aDinámica de poblaciones aNicaraguacRío San Juan1 aCastillo, Alfonsoeautor1 aMejía, Alejandroeautor1 aCastañeda, Armandoeautor